000 01460nam a22003977a 4500
003 CHAP
005 20220329134758.0
008 971013s1960 r 00010 d
010 _a25771
011 _a26743
035 _a30844
040 _cCHAP
090 _aFolleto 8733
100 0 0 _aBuller, Roderic E.
_916037
245 _aEfecto del estado de madurez al tiempo de corte en la producción y población de la alfalfa en el Valle de México y El Bajío
260 _aMéxico, D. F. :
_bOficina de Estudios Especiales,
_c1960
300 _a32 p.
_b; gráfs.
490 _aFolleto técnico
_v; 40
590 _aBATCH-UPD
_b10
_c20130110
_lUCH01
_h1310
590 _aBATCH-UPD
_b10
_c20130410
_lUCH01
_h0824
590 _aBATCH-UPD
_b10
_c20130914
_lUCH01
_h0251
590 _aBATCH-UPD
_b10
_c20130914
_lUCH01
_h2058
590 _aCONVERSION
_b10
_c20130109
_lUCH01
_h1315
650 1 4 _aAlfalfa como forraje.
_93899
650 1 4 _aAlfalfa
_xBajio.
_93851
650 1 4 _aAlfalfa
_xValle de Mexico.
_93891
700 0 _aGarza Treviño, Ricardo.
_947157
830 0 _aFolleto técnico
_v; 40
_942067
901 _aBK
942 _cFOLL
949 _aFolleto 8733
_bBC
_cFOLL
_d-71353
_eTS1
_i30844
_si
949 _aFolleto 8733
_bBC
_cFOLL
_d-71354
_eTS2
_fc.2
_i30844
_si
949 _aFolleto 8733
_bBC
_cFOLL
_d-71355
_eTS2
_fc.3
_i30844
_si
949 _aFolleto 8733
_bBC
_cFOLL
_d-71356
_eTS2
_fc.4
_i30844
_si
949 _aFolleto 8733
_bBC
_cFOLL
_d-71357
_eTS2
_fc.5
_i30844
_si
999 _c25771
_d25771